Statistics for Two Largest Non-Capitals of Asian Countries

Click here to take the quiz!

General Stats

  • This quiz has been taken 82 times
    (34 since last reset)
  • The average score is 17 of 24

Answer Stats

Country Cities % Correct
ChinaShanghai
100%
IndiaMumbai
100%
IndiaKolkata
97%
TurkeyIstanbul
97%
PakistanKarachi
97%
ChinaGuangzhou
93%
JapanOsaka
93%
South KoreaBusan
90%
PakistanLahore
87%
Saudi ArabiaMecca
83%
KazakhstanAlmaty
83%
Saudi ArabiaJeddah
80%
TurkeyIzmir
73%
MyanmarYangon
73%
BangladeshChittagong
73%
JapanYokohama
63%
IranIsfahan
60%
IranMashhad
57%
AfghanistanKandahar
57%
South KoreaIncheon
57%
MyanmarMandalay
53%
AfghanistanHerat
30%
BangladeshKhulna
20%
KazakhstanShymkent
17%

Score Distribution

Percentile by Number Answered

Percent of People with Each Score

Your Score History

You have not taken this quiz since the last reset